|
|
|
|
| LEADER |
01367nam a22003377a 4500 |
| 001 |
41703 |
| 003 |
BD-DhAAL |
| 005 |
20230918161412.0 |
| 008 |
230918t20142014bg a|||| b||| 001 0 eng d |
| 020 |
|
|
|a 9789845061339
|
| 040 |
|
|
|a BD-DhAAL
|d BD-DhAAL
|
| 082 |
|
|
|a 363.610958
|2 23
|
| 245 |
|
|
|a Strategic adaptation towards water crisis /
|b edited by Ken'ichi Nakagami ... [et al.]..
|
| 260 |
|
|
|a Dhaka :
|b The University Press Limited,
|c 2014.
|
| 300 |
|
|
|a xxvi, 289 pages :
|b illustrations (chiefly color), color maps ;
|c 25 cm.
|
| 504 |
|
|
|a Includes bibliographical references and index.
|
| 526 |
|
|
|a BIGD
|
| 541 |
|
|
|a The university press limited
|e 41703
|
| 650 |
|
|
|a Water security
|z Asia.
|9 55523
|
| 650 |
|
|
|a Water rights
|z Asia, Central.
|9 55524
|
| 650 |
|
|
|a Water-supply
|z Asia, Central.
|9 55525
|
| 650 |
|
|
|a Water security
|z China.
|9 55526
|
| 650 |
|
|
|a Water security
|z Bangladesh.
|9 55527
|
| 700 |
|
|
|a Nakagami, Kenʼichi.
|9 55528
|
| 700 |
|
|
|a Choudhury, Giasuddin Ahmed.
|9 18023
|
| 700 |
|
|
|a Li, Jian-Hua.
|9 55529
|
| 700 |
|
|
|a Fukushi, Kensuke.
|9 55530
|
| 852 |
|
|
|a Ayesha Abed Library
|c General Stacks
|
| 942 |
|
|
|2 ddc
|c BK
|
| 999 |
|
|
|c 46152
|d 46152
|
| 952 |
|
|
|0 0
|1 0
|2 ddc
|4 0
|6 363_610958000000000_STR
|7 0
|9 74402
|a BIGD
|b BIGD
|c GEN
|d 2023-09-18
|e The University Press Limited(UPL)
|g 1488.00
|l 0
|o 363.610958 STR
|p 3050041703
|r 2023-09-18
|t 1
|v 1860.00
|w 2023-09-18
|y BK
|